| Tag |
First Indicator |
Second Indicator |
Subfields |
| LEADER |
00000cam a22000001a 4500 |
| 001 |
in00004120213 |
| 005 |
20200117093931.0 |
| 006 |
m d f |
| 007 |
cr bn mmmapmmp |
| 008 |
140827s2014 mdu o f000 0 eng d |
| 035 |
|
|
|a chdc20140718
|
| 040 |
|
|
|a UMI
|c UMI
|d UtOrBLW
|
| 086 |
0 |
|
|a Y 4.EN 2:S.HRG.113-287
|
| 110 |
1 |
|
|a United States.
|b Congress.
|b Senate.
|b Committee on Energy and Natural Resources.
|0 http://id.loc.gov/authorities/names/n79043129
|
| 245 |
1 |
0 |
|a Kimball, Lopez, and Regalbuto Nominations.
|
| 264 |
|
1 |
|a Bethesda, Md. :
|b ProQuest,
|c 2014.
|
| 300 |
|
|
|a 61 pages, digital, PDF file.
|
| 336 |
|
|
|a text
|b txt
|2 rdacontent
|
| 337 |
|
|
|a computer
|b c
|2 rdamedia
|
| 338 |
|
|
|a online resource
|b cr
|2 rdacarrier
|
| 500 |
|
|
|a Record is based on bibliographic data in ProQuest U.S. Congressional Hearings Digital Collection. Reuse except for individual research requires license from ProQuest, LLC.
|
| 500 |
|
|
|a Electronic resource.
|
| 533 |
|
|
|a Electronic reproduction.
|b [Bethesda, Md.] :
|c ProQuest,
|d 2014.
|e digital, PDF file.
|n ProQuest Congressional Hearings Digital Collection.
|n Mode of access: World Wide Web via ProQuest website.
|
| 538 |
|
|
|a System requirements: PDF reader software.
|
| 610 |
1 |
0 |
|a United States.
|b Department of Energy
|x Officials and employees
|x Selection and appointment.
|
| 610 |
1 |
0 |
|a United States.
|b Bureau of Reclamation
|x Officials and employees
|x Selection and appointment.
|
| 610 |
2 |
0 |
|a Geological Survey (U.S.)
|x Officials and employees
|x Selection and appointment.
|
| 776 |
0 |
8 |
|i Microfiche version:
|a United States. Congress. Senate. Committee on Energy and Natural Resources
|t Kimball, Lopez, and Regalbuto Nominations
|o CIS 2014 S311-19
|w cis201402347
|
| 856 |
4 |
0 |
|u http://proxy.library.tamu.edu/login?url=http://search.proquest.com/congcomp/getdoc?HEARING-ID=HRG-2014-NAR-0010
|y Electronic resource (PDF)
|z CIS 2014-S311-19
|t 0
|
| 998 |
|
|
|a cis201402347
|
| 999 |
f |
f |
|s 2c9374fe-11cb-3cbf-af51-17f423ead73e
|i 0eb72818-78b9-3ae0-a222-b4aafb90ad8d
|t 0
|
| 952 |
f |
f |
|a Texas A&M University
|b College Station
|c Electronic Resources
|d Available Online
|t 0
|e Y 4.EN 2:S.HRG.113-287
|h Superintendent of Documents classification
|
| 998 |
f |
f |
|a Y 4.EN 2:S.HRG.113-287
|t 0
|l Available Online
|